Computer organization and embedded systems Ed 6 (Record no. 241005)
[ view plain ]
| 000 -LEADER | |
|---|---|
| fixed length control field | 01798nam a22002657a 4500 |
| 005 - DATE AND TIME OF LATEST TRANSACTION | |
| control field | 20260306091336.0 |
| 008 - FIXED-LENGTH DATA ELEMENTS--GENERAL INFORMATION | |
| fixed length control field | 260305b |||||||| |||| 00| 0 eng d |
| 020 ## - INTERNATIONAL STANDARD BOOK NUMBER | |
| International Standard Book Number | 9789355323729 |
| 040 ## - CATALOGING SOURCE | |
| Transcribing agency | AL |
| 041 ## - LANGUAGE CODE | |
| Language code of text/sound track or separate title | eng |
| 082 ## - DEWEY DECIMAL CLASSIFICATION NUMBER | |
| Classification number | 004.22 |
| Item number | HAMC |
| 100 ## - MAIN ENTRY--PERSONAL NAME | |
| Personal name | Carl Hamacher...[et al.] |
| 100 ## - MAIN ENTRY--PERSONAL NAME | |
| 9 (RLIN) | 257919 |
| 245 ## - TITLE STATEMENT | |
| Title | Computer organization and embedded systems Ed 6 |
| 250 ## - EDITION STATEMENT | |
| Edition statement | 6 |
| 260 ## - PUBLICATION, DISTRIBUTION, ETC. | |
| Place of publication, distribution, etc. | Chennai |
| Name of publisher, distributor, etc. | McGraw Hill Education Pvt Ltd |
| Date of publication, distribution, etc. | 2024 |
| 300 ## - PHYSICAL DESCRIPTION | |
| Extent | xxi,710p. |
| Other physical details | PB |
| Dimensions | 24x18cm |
| 365 ## - TRADE PRICE | |
| Source of price type code | Electronics and Communication Engineering |
| Price type code | ABDI/0854/26 |
| Price amount | ₹847.50 |
| Currency code | ₹ |
| Unit of pricing | ₹1130.00 |
| Price note | 25% |
| Price effective from | 19-02-2026 |
| 520 ## - SUMMARY, ETC. | |
| Summary, etc. | The sixth edition of Computer Organization and Embedded Systems covers the key topics of the subject. It presents hardware design principles and shows how hardware design is influenced by the requirements of software. The book carefully explains the main principles supported by examples drawn from commercially available processors. The book is suitable for undergraduate computer engineering students and computer science specialists.<br/>Salient Features:<br/>1. Examines four popular processors like Altera's Nios II, Freescale's ColdFire, ARM, and Intels IA-32 in detail<br/>2. Extensively covers embedded systems, arguing that many devices previously not thought of as computers do, in fact, have computers in them<br/>3. Discusses Microcontrollers and system-on-a-chip implementations<br/>4. Contains graduated difficulty problems at the end of each chapter classified as Easy, Medium, or Difficult, allowing instructors to assign problems based on difficulty level |
| 650 ## - SUBJECT ADDED ENTRY--TOPICAL TERM | |
| Topical term or geographic name entry element | Computer Organization |
| 9 (RLIN) | 257714 |
| 650 ## - SUBJECT ADDED ENTRY--TOPICAL TERM | |
| Topical term or geographic name entry element | Embedded Computer Systems |
| 9 (RLIN) | 257715 |
| 700 ## - ADDED ENTRY--PERSONAL NAME | |
| Personal name | Vranesic, Zvonko |
| 9 (RLIN) | 257733 |
| 700 ## - ADDED ENTRY--PERSONAL NAME | |
| Personal name | Zaky, Safat |
| 9 (RLIN) | 257734 |
| 700 ## - ADDED ENTRY--PERSONAL NAME | |
| Personal name | Manjikian, Naraig |
| 9 (RLIN) | 257735 |
| 942 ## - ADDED ENTRY ELEMENTS (KOHA) | |
| Source of classification or shelving scheme | Dewey Decimal Classification |
| Koha item type | Book |
| Withdrawn status | Lost status | Source of classification or shelving scheme | Damaged status | Not for loan | Collection code | Home library | Current library | Date acquired | Source of acquisition | Cost, normal purchase price | Total Checkouts | Full call number | Barcode | Date last seen | Cost, replacement price | Price effective from | Koha item type |
|---|---|---|---|---|---|---|---|---|---|---|---|---|---|---|---|---|---|
| Dewey Decimal Classification | Electronics and Communication Engineering | St Aloysius Engineering Library | St Aloysius Engineering Library | 02/19/2026 | Academic Book Distributors, Bengaluru-562159 | 847.50 | 004.22 HAMC | SE000246 | 03/05/2026 | 1130.00 | 02/19/2026 | Book | |||||
| Dewey Decimal Classification | Electronics and Communication Engineering | St Aloysius Engineering Library | St Aloysius Engineering Library | 02/19/2026 | Academic Book Distributors, Bengaluru-562159 | 847.50 | 004.22 HAMC | SE000247 | 03/05/2026 | 1130.00 | 02/19/2026 | Book |